Na posiedke s profesorom Klimom

Bibliographic Details
Other Authors: Makara, Štefan, 1925-2005 (Interviewer)
Format: Article
Language:Slovak
Subjects:

MARC

LEADER 00000nab a2200000u 4500
001 vtls012124745
003 SK-MaSNL
005 20260303162111.0
008 220223|19651222xo ||||||| || ||slo|
038 |a KEVKJB 
040 |a KEVKJB  |b slo  |e rda 
041 0 |a slo 
043 |a e-xo--- 
044 |a xo  |c SK 
072 7 |a 616.89  |x Psychiatria  |2 konspekt 
080 |a 616.89-051  |2 2011 
100 1 |a Makara, Štefan,  |d 1925-2005  |4 ivr  |9 159874 
245 1 0 |a Na posiedke s profesorom Klimom  |c Štefan Makara, Zoltán Klimo 
300 |b Fotografia 
336 |a text  |b txt  |2 rdacontent 
337 |a bez média  |b n  |2 rdamedia 
338 |a zväzok  |b nc  |2 rdacarrier 
600 1 7 |a Klimo, Zoltán,  |d 1905-1974  |2 SNKMA  |9 80577 
650 0 7 |a psychiatria  |2 SNKPH  |9 2571 
650 0 7 |a osobnosti  |2 SNKPH  |9 29820 
651 7 |a Košice (Slovensko)  |2 SNKPHgeo  |9 18694 
655 7 |a rozhovory  |2 SNKPH  |9 31831 
700 1 |a Klimo, Zoltán,  |d 1905-1974  |4 ive  |9 80577 
773 0 |t Východoslovenské noviny  |g Roč. XIV., č. 305 (22.12.1965), s. 1 
852 |a KEVKJB  |b KIS3GCP 
958 |a BX 
999 |c 2052220  |d 2054150